[Event "XI C.to Italiano U20"]
[Site "Bratto - Castione della Presolana ITA"]
[Date "2003.08.27"]
[Round "7"]
[White "Buono, Michele"]
[Black "Longo, Aldo"]
[Result "1/2-1/2"]
[WhiteElo "2129"]
[BlackElo "1677"]
[PlyCount "57"]
[EventDate "2003.08.21"]

1. e4 e5 2. Bc4 Nf6 3. Nc3 Bc5 4. d3 d6 5. Nge2 O-O 6. Na4 Bb6 7. Nxb6 axb6 8.
O-O Nc6 9. a3 Qe7 10. Bg5 Be6 11. Nc3 Bxc4 12. dxc4 Qe6 13. Qd3 h6 14. Bh4 Ne7
15. Rad1 Ng6 16. Bxf6 Qxf6 17. Nd5 Qd8 18. Qb3 Ne7 19. Rd3 Nxd5 20. cxd5 f5 21.
exf5 Rxf5 22. Rg3 Qd7 23. Qe3 Kh7 24. f4 Raf8 25. Rgf3 exf4 26. Rxf4 Rxf4 27.
Rxf4 Rxf4 28. Qxf4 Qe8 29. Kf2 1/2-1/2

[Event "XI C.to Italiano U20"]
[Site "Bratto - Castione della Presolana ITA"]
[Date "2003.08.27"]
[Round "7"]
[White "Cappai, Davide"]
[Black "Stromboli, Carlo"]
[Result "1-0"]
[WhiteElo "2105"]
[BlackElo "1744"]
[PlyCount "102"]
[EventDate "2003.08.21"]

1. e4 c5 2. Nf3 Nc6 3. d3 e6 4. c3 d5 5. Qc2 Nf6 6. Nbd2 Be7 7. g3 b6 8. a3 Qc7
9. Ra2 a6 10. Bg2 Bb7 11. O-O O-O 12. Re1 Rac8 13. Nf1 Nd7 14. exd5 exd5 15.
Ne3 Nf6 16. Nf5 Rce8 17. Bf4 Qd8 18. Bg5 Bc8 19. Nxe7+ Rxe7 20. Raa1 Rxe1+ 21.
Rxe1 h6 22. Bf4 Re8 23. Kf1 Bf5 24. Rxe8+ Qxe8 25. Qe2 Qd7 26. Kg1 Qe6 27. Bf1
Kf8 28. Bc7 Nd7 29. Nh4 Qxe2 30. Bxe2 Be6 31. Bd6+ Ke8 32. g4 g5 33. Ng2 Nde5
34. h3 Ng6 35. Bc7 b5 36. f4 gxf4 37. Nxf4 Kd7 38. Nxe6 Kxe6 39. Kf2 Nge5 40.
Ke3 f6 41. d4 cxd4+ 42. cxd4 Nf7 43. Bf4 Na5 44. Kd3 Nc4 45. Kc3 a5 46. Bxc4
dxc4 47. a4 bxa4 48. Kxc4 f5 49. d5+ Kf6 50. Kb5 fxg4 51. hxg4 Ne5 1-0

[Event "XI C.to Italiano U20"]
[Site "Bratto - Castione della Presolana ITA"]
[Date "2003.08.27"]
[Round "7"]
[White "Castellano, Fabio Marco"]
[Black "Lampl, Gerald"]
[Result "0-1"]
[WhiteElo "1534"]
[BlackElo "1600"]
[PlyCount "48"]
[EventDate "2003.08.21"]

1. e4 d5 2. exd5 Nf6 3. Nc3 Nxd5 4. d4 Nxc3 5. bxc3 e6 6. Nf3 b6 7. Bd3 Bb7 8.
O-O Bd6 9. Re1 Qe7 10. Ng5 Nd7 11. Ne4 h5 12. Qf3 Rb8 13. c4 Bb4 14. Re2 f5 15.
Qg3 fxe4 16. Bxe4 Bxe4 17. Rxe4 Bd6 18. Qg6+ Qf7 19. Rxe6+ Be7 20. Rxe7+ Kxe7
21. Ba3+ c5 22. Re1+ Kf8 23. Qd6+ Kg8 24. Re7 Re8 0-1

[Event "XI C.to Italiano U20"]
[Site "Bratto - Castione della Presolana ITA"]
[Date "2003.08.27"]
[Round "7"]
[White "Chinello, Gianmarco"]
[Black "Buchicchio, Alessandro"]
[Result "1-0"]
[WhiteElo "1681"]
[BlackElo "1785"]
[PlyCount "55"]
[EventDate "2003.08.21"]

1. e4 d5 2. exd5 Qxd5 3. Nc3 Qa5 4. Bc4 Nf6 5. d4 c6 6. Nf3 Bg4 7. O-O e6 8. a3
Bd6 9. Re1 Nbd7 10. h3 Bh5 11. Rb1 Qc7 12. b4 b5 13. Bb3 O-O 14. Qd3 a5 15.
bxa5 Rxa5 16. a4 bxa4 17. Nxa4 Rd8 18. Nb2 Nc5 19. dxc5 Bxc5 20. Qe2 e5 21. g4
Bxg4 22. hxg4 Nxg4 23. Be3 e4 24. Bxc5 Rxc5 25. Qxe4 h5 26. Qe7 Qb6 27. Qxf7+
Kh7 28. Re7 1-0

[Event "XI C.to Italiano U20"]
[Site "Bratto - Castione della Presolana ITA"]
[Date "2003.08.27"]
[Round "7"]
[White "Dessi', Fabrizio Daniele"]
[Black "Oblak, Mitja"]
[Result "0-1"]
[WhiteElo "1522"]
[BlackElo "1500"]
[PlyCount "86"]
[EventDate "2003.08.21"]

1. d4 d5 2. c4 c6 3. Nc3 Nf6 4. c5 b6 5. b4 Bf5 6. h3 Nbd7 7. Nf3 Qc7 8. g3 e5
9. dxe5 Nxe5 10. Bf4 Nxf3+ 11. exf3 Qe7+ 12. Qe2 Qxe2+ 13. Bxe2 bxc5 14. bxc5
Bxc5 15. Ba6 Bc8 16. Be2 O-O 17. Rc1 Bb4 18. Bd2 Re8 19. Nb1 Bxd2+ 20. Nxd2 Ba6
21. O-O Bxe2 22. Rfe1 Bb5 23. Rxe8+ Rxe8 24. Nb3 Nd7 25. Nd4 a6 26. Nxc6 Ne5
27. Nd4 g6 28. Kg2 Bc4 29. a3 Nd3 30. Rb1 Re1 31. Rb8+ Kg7 32. Nb3 Rb1 33. Re8
Rxb3 34. a4 Ra3 35. Re2 Nf4+ 36. gxf4 Bxe2 37. Kg3 Rxf3+ 38. Kg2 d4 39. a5 d3
40. Kh2 d2 41. Kg1 d1=Q+ 42. Kg2 Qf1+ 43. Kh2 Rxh3# 0-1

[Event "XI C.to Italiano U20"]
[Site "Bratto - Castione della Presolana ITA"]
[Date "2003.08.27"]
[Round "7"]
[White "Ferro, Mario"]
[Black "Buchicchio, Giampaolo"]
[Result "1-0"]
[WhiteElo "2190"]
[BlackElo "2253"]
[PlyCount "68"]
[EventDate "2003.08.21"]

1. d4 d5 2. Nf3 Nf6 3. c4 c6 4. Qb3 a6 5. g3 g6 6. Bg2 Bg7 7. Nc3 O-O 8. O-O e6
9. Re1 Nbd7 10. e4 Nxe4 11. Nxe4 dxe4 12. Rxe4 c5 13. Bg5 f6 14. Be3 Qe7 15. d5
e5 16. Bd2 Qd6 17. Ree1 b6 18. Bh3 Nb8 19. Bxc8 Rxc8 20. Bc3 Nd7 21. a4 Rab8
22. Qc2 a5 23. h4 Qf8 24. h5 Qf7 25. hxg6 hxg6 26. Nh4 f5 27. Qd2 Re8 28. d6
Re6 29. Nf3 Qf6 30. Rad1 Bf8 31. Qd5 Bxd6 32. Ng5 Rbe8 33. f4 Nf8 34. Nxe6 Nxe6
1-0

[Event "XI C.to Italiano U20"]
[Site "Bratto - Castione della Presolana ITA"]
[Date "2003.08.27"]
[Round "7"]
[White "Forato, Enrico"]
[Black "Akmedov, Alisher"]
[Result "1-0"]
[WhiteElo "1600"]
[BlackElo "1434"]
[PlyCount "106"]
[EventDate "2003.08.21"]

1. e4 c5 2. Nf3 e6 3. d4 cxd4 4. Nxd4 Nf6 5. Nc3 d6 6. Be3 a6 7. Bd3 Be7 8. O-O
O-O 9. f4 Nbd7 10. g4 Nc5 11. g5 Nfd7 12. Qh5 Re8 13. Rf3 b5 14. Rh3 Nf8 15.
Rg3 b4 16. Nc6 Qc7 17. Nxe7+ Qxe7 18. Ne2 Nxd3 19. cxd3 Bd7 20. Rc1 Rac8 21.
Rg2 Rxc1+ 22. Nxc1 Rc8 23. Qd1 Qd8 24. Rc2 Rxc2 25. Qxc2 Qc8 26. Qxc8 Bxc8 27.
Bb6 Ng6 28. Ne2 Ne7 29. Bc7 d5 30. e5 Bd7 31. Nd4 Kf8 32. Bd6 Ke8 33. Bxb4 Nc6
34. Nxc6 Bxc6 35. Kf2 Kd7 36. Ke3 Kc7 37. Ba5+ Kd7 38. Kd4 Bb5 39. b3 Bc6 40.
a4 g6 41. h4 Ba8 42. Kc5 Bb7 43. d4 Ke7 44. Kb6 Bc8 45. Bb4+ Kd7 46. Bd6 Kd8
47. b4 Kd7 48. b5 axb5 49. axb5 Kd8 50. Be7+ Kd7 51. Bf6 Ke8 52. Kc7 Bb7 53.
Kxb7 Kd7 1-0

[Event "XI C.to Italiano U20"]
[Site "Bratto - Castione della Presolana ITA"]
[Date "2003.08.27"]
[Round "7"]
[White "Gatterer, Matthias"]
[Black "Nardi, Marco"]
[Result "1-0"]
[WhiteElo "1684"]
[BlackElo "1774"]
[PlyCount "131"]
[EventDate "2003.08.21"]

1. d4 d5 2. c4 c6 3. Nf3 Nf6 4. Nc3 a6 5. a4 e6 6. Bg5 Be7 7. e3 Nbd7 8. Bd3
O-O 9. O-O dxc4 10. Bxc4 c5 11. Qe2 Nb6 12. Bb3 cxd4 13. Nxd4 e5 14. Nf3 Nbd7
15. Rfd1 Qb6 16. Bc4 e4 17. Nd4 Re8 18. Qc2 Qc5 19. Bxf6 Nxf6 20. Qb3 Rf8 21.
Nd5 Nxd5 22. Bxd5 Bg4 23. Rdc1 Qd6 24. Bxe4 Qe5 25. Bf3 Be6 26. Qd3 Bd6 27. g3
Rfe8 28. Rd1 Bc5 29. Nxe6 fxe6 30. Qc3 Qf5 31. Bxb7 Rab8 32. Bg2 Rf8 33. Qd2
Bb4 34. Qe2 e5 35. Rac1 Rb6 36. Rc4 a5 37. Be4 Qg5 38. Rc6 Rbb8 39. Qc2 h6 40.
Rg6 Qe7 41. Qc4+ Kh8 42. Qe6 Rf6 43. Rxf6 Qxf6 44. Qxf6 gxf6 45. Rd7 Kg8 46.
Bd5+ Kh8 47. Kg2 Bf8 48. b3 Rc8 49. Bc4 e4 50. Rf7 Bg7 51. Kh3 Rd8 52. Ra7 Rd2
53. Kg2 Kh7 54. Rxa5 Kg6 55. Bd5 f5 56. Ra6+ Bf6 57. Bc4 Rb2 58. a5 Kg7 59.
Ra7+ Kg6 60. a6 Bc3 61. Rd7 Be1 62. a7 Rxf2+ 63. Kg1 Ra2 64. Bd5 Bf2+ 65. Kf1
Bxe3 66. a8=Q 1-0

[Event "XI C.to Italiano U20"]
[Site "Bratto - Castione della Presolana ITA"]
[Date "2003.08.27"]
[Round "7"]
[White "Lain, Luigi"]
[Black "Napoli, Nicolo'"]
[Result "1-0"]
[WhiteElo "2261"]
[BlackElo "2039"]
[PlyCount "89"]
[EventDate "2003.08.21"]

1. d4 g6 2. c4 Bg7 3. Nc3 d6 4. e4 Nc6 5. Nge2 e5 6. d5 Nce7 7. f3 c6 8. Be3
cxd5 9. cxd5 f5 10. Qd2 Bd7 11. exf5 Nxf5 12. Bg5 Bf6 13. Bxf6 Nxf6 14. Ng3 Nd4
15. Bd3 b5 16. h4 Qa5 17. h5 O-O-O 18. Nce4 Qxd2+ 19. Kxd2 Nxe4+ 20. Nxe4 Bf5
21. Nc3 Bxd3 22. Kxd3 Kb8 23. hxg6 hxg6 24. Ne4 Nf5 25. Rxh8 Rxh8 26. g4 Ne7
27. Nxd6 Rd8 28. Nf7 Rxd5+ 29. Ke4 Rd2 30. Rb1 Nc6 31. Nh8 Rd4+ 32. Ke3 Ne7 33.
Ke2 Rf4 34. Rh1 Rf6 35. Rh6 Nd5 36. Kf2 Nf4 37. Ke3 Kc7 38. Ke4 Kd6 39. g5 Re6
40. Nf7+ Kc5 41. Nxe5 Ne2 42. Rxg6 Re8 43. Rc6+ Kb4 44. f4 Rd8 45. Nd3+ 1-0

[Event "XI C.to Italiano U20"]
[Site "Bratto - Castione della Presolana ITA"]
[Date "2003.08.27"]
[Round "7"]
[White "Locatelli, Andrea"]
[Black "Lettieri, Giuseppe"]
[Result "1-0"]
[WhiteElo "2011"]
[BlackElo "1894"]
[PlyCount "55"]
[EventDate "2003.08.21"]

1. e4 c5 2. Nf3 d6 3. d4 cxd4 4. Nxd4 Nf6 5. Nc3 g6 6. Be3 Bg7 7. Bc4 O-O 8. f3
Nc6 9. Bb3 Bd7 10. Qd2 Rc8 11. h4 h5 12. O-O-O Ne5 13. Bh6 Nc4 14. Bxc4 Rxc4
15. Bxg7 Kxg7 16. Nd5 Nxd5 17. exd5 b5 18. g4 hxg4 19. h5 Rh8 20. hxg6 fxg6 21.
b3 Rc8 22. fxg4 Qg8 23. Qg5 Re8 24. Rde1 Rxh1 25. Rxh1 e5 26. dxe6 Bxe6 27. Rf1
Kh7 28. Qh4+ 1-0

[Event "XI C.to Italiano U20"]
[Site "Bratto - Castione della Presolana ITA"]
[Date "2003.08.27"]
[Round "7"]
[White "Longo, Luigi"]
[Black "Hellweger, Stefan"]
[Result "1-0"]
[WhiteElo "1693"]
[BlackElo "1576"]
[PlyCount "89"]
[EventDate "2003.08.21"]

1. d4 d5 2. Nf3 Nf6 3. c3 e6 4. Bg5 Bd7 5. Nbd2 c5 6. e3 b6 7. Bd3 Be7 8. O-O
O-O 9. Re1 c4 10. Bb1 b5 11. Qc2 g6 12. Ne5 Ne8 13. Bh6 Ng7 14. Ndf3 Nc6 15. e4
Re8 16. Qd2 Bf8 17. Qf4 f5 18. Nxc6 Bxc6 19. e5 Nh5 20. Qd2 Qe7 21. Bg5 Qd7 22.
h3 Be7 23. Bh6 Bf8 24. g4 Ng7 25. gxf5 gxf5 26. Kh2 Re7 27. Rg1 Kh8 28. Rg2 Nh5
29. Rg1 Bxh6 30. Qxh6 Rg7 31. Qxh5 Rg2+ 32. Rxg2 Rg8 33. Rxg8+ Kxg8 34. Qg5+
Qg7 35. Qd8+ Qf8 36. Qxf8+ Kxf8 37. Ng5 Ke7 38. Nxh7 a5 39. Nf6 b4 40. h4 Kf7
41. h5 Kg7 42. Kh3 Kh6 43. Kh4 Bb5 44. Bc2 bxc3 45. bxc3 1-0

[Event "XI C.to Italiano U20"]
[Site "Bratto - Castione della Presolana ITA"]
[Date "2003.08.27"]
[Round "7"]
[White "Lorusso, Giuseppe"]
[Black "Stirpe, Claudio"]
[Result "1/2-1/2"]
[WhiteElo "1801"]
[BlackElo "1668"]
[PlyCount "67"]
[EventDate "2003.08.21"]

1. d4 d5 2. c4 e6 3. Nc3 Nf6 4. Bg5 Nbd7 5. e3 Be7 6. Nf3 O-O 7. Rc1 c6 8. Bd3
dxc4 9. Bxc4 Nd5 10. Bxe7 Qxe7 11. O-O Nxc3 12. Rxc3 e5 13. Nxe5 Nxe5 14. dxe5
Qxe5 15. f4 Qe4 16. Qe2 Re8 17. Bd3 Qe7 18. e4 f6 19. Re1 Be6 20. Bb1 Rad8 21.
Rd3 Qf7 22. Qf2 Bxa2 23. Bxa2 Qxa2 24. Ra3 Qc4 25. Rxa7 Rxe4 26. Rxb7 Rxe1+ 27.
Qxe1 Qxf4 28. Rxg7+ Kxg7 29. Qe7+ Kg6 30. Qxd8 Qc1+ 31. Kf2 Qxb2+ 32. Kg3 Qc3+
33. Kh4 Qc5 34. g4 1/2-1/2

[Event "XI C.to Italiano U20"]
[Site "Bratto - Castione della Presolana ITA"]
[Date "2003.08.27"]
[Round "7"]
[White "Massironi, Marco"]
[Black "Bove, Alessandro"]
[Result "1/2-1/2"]
[WhiteElo "2082"]
[BlackElo "2129"]
[PlyCount "28"]
[EventDate "2003.08.21"]

1. e4 e5 2. Nf3 Nc6 3. Bc4 Nf6 4. Ng5 Bc5 5. Nxf7 Bxf2+ 6. Kxf2 Nxe4+ 7. Kg1
Qh4 8. g3 Nxg3 9. Nxh8 d5 10. hxg3 Qxg3+ 11. Kf1 Bh3+ 12. Rxh3 Qxh3+ 13. Kg1
Qg3+ 14. Kh1 Qh3+ 1/2-1/2

[Event "XI C.to Italiano U20"]
[Site "Bratto - Castione della Presolana ITA"]
[Date "2003.08.27"]
[Round "7"]
[White "Mogranzini, Roberto"]
[Black "Damia, Angelo"]
[Result "1-0"]
[WhiteElo "2172"]
[BlackElo "2021"]
[PlyCount "49"]
[EventDate "2003.08.21"]

1. e4 c5 2. Nf3 d6 3. d4 cxd4 4. Nxd4 Nf6 5. Nc3 g6 6. Be3 Bg7 7. f3 Nc6 8. Qd2
O-O 9. Bc4 Bd7 10. O-O-O b5 11. Bxb5 Nxd4 12. Bxd4 Bxb5 13. Nxb5 Rb8 14. Nc3
Qa5 15. Nd5 Qxa2 16. Nxe7+ Kh8 17. b3 Rfe8 18. Qc3 Nh5 19. Bxg7+ Nxg7 20. Nd5
Rec8 21. Qb2 Qa5 22. h4 Rc6 23. g4 Rbc8 24. Rh2 Qd8 25. h5 1-0

[Event "XI C.to Italiano U20"]
[Site "Bratto - Castione della Presolana ITA"]
[Date "2003.08.27"]
[Round "7"]
[White "Navarro, Stefano"]
[Black "Ferrante, Marco"]
[Result "1-0"]
[WhiteElo "2125"]
[BlackElo "1849"]
[PlyCount "69"]
[EventDate "2003.08.21"]

1. e4 e6 2. d3 c5 3. g3 b6 4. Bg2 Bb7 5. Nf3 Nc6 6. O-O d6 7. Re1 Nf6 8. c3 Be7
9. Nbd2 Qc7 10. Nf1 h6 11. d4 cxd4 12. Nxd4 Nxd4 13. cxd4 O-O 14. Bd2 Qd7 15.
Bc3 Rac8 16. d5 exd5 17. exd5 Ne8 18. Qh5 Rc5 19. Rad1 Bf6 20. Bd4 Bxd4 21.
Rxd4 Nf6 22. Qd1 Rfc8 23. Ne3 g6 24. Qd2 Kg7 25. Rh4 Rh8 26. Rf4 Ne8 27. Qd4+
f6 28. Ng4 Rf8 29. Rfe4 Rc7 30. Qe3 g5 31. Re7+ Qxe7 32. Qxe7+ Rxe7 33. Rxe7+
Rf7 34. Rxe8 Rc7 35. Re1 1-0

[Event "XI C.to Italiano U20"]
[Site "Bratto - Castione della Presolana ITA"]
[Date "2003.08.27"]
[Round "7"]
[White "Pagan, Andrea"]
[Black "Reduzzi, Maurizio"]
[Result "0-1"]
[WhiteElo "1603"]
[BlackElo "1749"]
[PlyCount "64"]
[EventDate "2003.08.21"]

1. d4 Nf6 2. c4 e6 3. Nc3 d5 4. Bg5 c6 5. e3 Nbd7 6. Nf3 Qa5 7. c5 Ne4 8. Qc2
Nxg5 9. Nxg5 h6 10. Nf3 b6 11. cxb6 axb6 12. a3 Bd6 13. Bd3 Nf6 14. O-O Bb7 15.
Rac1 O-O 16. Rfe1 c5 17. Qd1 Rac8 18. e4 cxd4 19. Nxd4 Be5 20. Ncb5 dxe4 21.
Nb3 Qa8 22. Bxe4 Bxe4 23. f3 Bxf3 24. Qxf3 Qxf3 25. gxf3 Bf4 26. Rxc8 Rxc8 27.
Re2 Nd5 28. N3d4 Rc1+ 29. Kg2 Be3 30. Rc2 Rg1+ 31. Kh3 Nf4+ 32. Kh4 g5# 0-1

[Event "XI C.to Italiano U20"]
[Site "Bratto - Castione della Presolana ITA"]
[Date "2003.08.27"]
[Round "7"]
[White "Parpinel, Marco"]
[Black "Navarro, Tommaso"]
[Result "1-0"]
[WhiteElo "1606"]
[BlackElo "1513"]
[PlyCount "61"]
[EventDate "2003.08.21"]

1. e4 e5 2. f4 exf4 3. Nf3 g5 4. d4 d6 5. h4 g4 6. Ng1 Qf6 7. Nc3 Bg7 8. Nd5
Qd8 9. Bxf4 Nc6 10. Bb5 Bd7 11. c3 Qc8 12. Qd2 h5 13. Ne2 f6 14. O-O Nce7 15.
Nxe7 Nxe7 16. Bd3 Be6 17. e5 dxe5 18. dxe5 Qd7 19. exf6 Bxf6 20. Bg3 Bg7 21.
Qg5 Qxd3 22. Qxg7 Rh7 23. Qe5 Bf7 24. Rad1 Qc4 25. Nf4 b6 26. b4 Bg6 27. Rfe1
Qf7 28. Qb5+ c6 29. Qxc6+ Kf8 30. Ne6+ Qxe6 31. Qxe6 1-0

[Event "XI C.to Italiano U20"]
[Site "Bratto - Castione della Presolana ITA"]
[Date "2003.08.27"]
[Round "7"]
[White "Piscopo, Pierluigi"]
[Black "Di Caro, Calogero"]
[Result "1-0"]
[WhiteElo "2319"]
[BlackElo "2221"]
[PlyCount "87"]
[EventDate "2003.08.21"]

1. d4 d5 2. Nf3 Nf6 3. c4 c6 4. Nc3 a6 5. a4 e6 6. e3 c5 7. Bd3 Nc6 8. O-O cxd4
9. exd4 Nb4 10. cxd5 Nxd3 11. Qxd3 Nxd5 12. Bg5 f6 13. Bd2 Be7 14. Rfe1 O-O 15.
a5 Nb4 16. Qe4 f5 17. Qb1 Nc6 18. Ne2 g5 19. Bc3 g4 20. Nd2 Bg5 21. Nc4 b5 22.
axb6 Bb7 23. Na5 Nxa5 24. Rxa5 Qxb6 25. Qa2 Rad8 26. Nf4 Bxf4 27. Rxe6 Bd5 28.
Rxb6 Bxa2 29. Rxa2 Be5 30. Ra4 Rd5 31. g3 Bg7 32. Rbxa6 Rfd8 33. Ra8 Rxa8 34.
Rxa8+ Kf7 35. Ra4 h5 36. Kf1 Bf6 37. Ke2 h4 38. Kd3 h3 39. Ra5 Rxa5 40. Bxa5
Ke6 41. Kc4 f4 42. Bc7 Kf5 43. Kd3 fxg3 44. Bxg3 1-0

[Event "XI C.to Italiano U20"]
[Site "Bratto - Castione della Presolana ITA"]
[Date "2003.08.27"]
[Round "7"]
[White "Reginato, Mauro"]
[Black "Ferrarese, Giacomo"]
[Result "1-0"]
[WhiteElo "1453"]
[BlackElo "1507"]
[PlyCount "73"]
[EventDate "2003.08.21"]

1. e4 c5 2. Nf3 d6 3. d4 cxd4 4. Nxd4 Nf6 5. Nc3 g6 6. Be3 Bg7 7. Qd2 Nc6 8.
Nxc6 bxc6 9. h3 Bd7 10. Be2 O-O 11. O-O Qc7 12. Rfd1 Rfd8 13. Bh6 Rab8 14. Bxg7
Kxg7 15. b3 Be6 16. Qe3 Rf8 17. Rd2 Rbd8 18. Rad1 Qa5 19. e5 Nd5 20. Nxd5 Bxd5
21. exd6 exd6 22. c4 Be6 23. Rxd6 Rxd6 24. Rxd6 Qxa2 25. Rxc6 Qa1+ 26. Kh2 Bd7
27. Rc5 Re8 28. Qf3 Bf5 29. Bd3 Bxd3 30. Qxd3 Qf6 31. Qg3 Re1 32. Ra5 Qd4 33.
Ra2 Qd1 34. Qc3+ Kg8 35. Rd2 Rh1+ 36. Kg3 Qxd2 37. Qxd2 1-0

[Event "XI C.to Italiano U20"]
[Site "Bratto - Castione della Presolana ITA"]
[Date "2003.08.27"]
[Round "7"]
[White "Sautto, Daniele"]
[Black "Pulito, Alberto"]
[Result "1/2-1/2"]
[WhiteElo "2130"]
[BlackElo "2058"]
[PlyCount "80"]
[EventDate "2003.08.21"]

1. e4 d5 2. exd5 Nf6 3. d4 Bg4 4. Be2 Bxe2 5. Qxe2 Qxd5 6. Nf3 e6 7. O-O Be7 8.
Rd1 O-O 9. Nc3 Qf5 10. d5 Bc5 11. dxe6 Nc6 12. Bg5 Rae8 13. Bxf6 Qxf6 14. Qc4
Bb6 15. exf7+ Qxf7 16. Qxf7+ Rxf7 17. Re1 Ref8 18. Rad1 g5 19. h3 h5 20. Re4
Rg7 21. Ne2 g4 22. hxg4 hxg4 23. Nfd4 Nxd4 24. Nxd4 g3 25. fxg3 Rd8 26. b4 Rxg3
27. Kf2 Rg6 28. g4 Rxd4 29. Rdxd4 Rc6 30. Kf3 Bxd4 31. Rxd4 Rxc2 32. Rd7 Rc4
33. a3 a5 34. bxa5 Rc3+ 35. Kf4 Rxa3 36. Rxc7 Rxa5 37. Rxb7 Rc5 38. g5 Ra5 39.
Kg4 Rc5 40. Kh5 Rc6 1/2-1/2

[Event "XI C.to Italiano U20"]
[Site "Bratto - Castione della Presolana ITA"]
[Date "2003.08.27"]
[Round "7"]
[White "Stromboli, Ettore"]
[Black "Kidane, Robel"]
[Result "1-0"]
[WhiteElo "2155"]
[BlackElo "2045"]
[PlyCount "80"]
[EventDate "2003.08.21"]

1. e4 c5 2. Nf3 d6 3. d4 cxd4 4. Nxd4 Nf6 5. f3 a6 6. Be3 e5 7. Nb3 d5 8. exd5
Nxd5 9. Bf2 Nc6 10. Bc4 Be6 11. Bxd5 Bxd5 12. O-O Bc4 13. Re1 Bxb3 14. axb3 Bb4
15. c3 Be7 16. Qe2 O-O 17. Nd2 b5 18. Ne4 Re8 19. b4 Qc7 20. Nc5 Bxc5 21. Bxc5
Nd8 22. Red1 Nb7 23. Bf2 f6 24. Qe4 Kh8 25. Ra2 Re6 26. Rd5 Qc6 27. Qd3 Rae8
28. Ra1 e4 29. fxe4 Rxe4 30. Rd1 R4e6 31. Rh5 h6 32. Rd5 Kg8 33. Rd7 R6e7 34.
Qg6 Qc8 35. Qf5 Re5 36. Qf3 Nd8 37. Bg3 R5e6 38. Qg4 g5 39. Qf5 R6e7 40. Qg6+
Kf8 1-0

[Event "XI C.to Italiano U20"]
[Site "Bratto - Castione della Presolana ITA"]
[Date "2003.08.27"]
[Round "7"]
[White "Trazzi, Enrico"]
[Black "Procacci, Sergio"]
[Result "1/2-1/2"]
[WhiteElo "1600"]
[BlackElo "1551"]
[PlyCount "81"]
[EventDate "2003.08.21"]

1. d4 d6 2. c4 Nf6 3. Nc3 g6 4. e4 Bg7 5. Nge2 O-O 6. Ng3 e5 7. d5 Nbd7 8. Bg5
a5 9. Qd2 Nc5 10. Be2 Qe8 11. Bxf6 Bxf6 12. O-O Bg7 13. Rab1 f5 14. f3 f4 15.
Nh1 g5 16. Nf2 Rf6 17. Ng4 Rg6 18. h3 h5 19. Nf2 Bd7 20. Qc2 Qc8 21. b3 Be8 22.
Na4 Bxa4 23. bxa4 Qd7 24. Bd1 b6 25. Nd3 Nxd3 26. Qxd3 Bf6 27. Qb3 Kf7 28. Qb5
Qe7 29. Be2 Rag8 30. Rfd1 g4 31. fxg4 Bh4 32. Rb2 hxg4 33. Bxg4 Rxg4 34. hxg4
Rxg4 35. Rd3 Bg3 36. Kf1 Rg7 37. Ke2 Kg8 38. Kd2 Bf2 39. Rf3 Bd4 40. Rc2 Rxg2+
41. Kd3 1/2-1/2

[Event "XI C.to Italiano U20"]
[Site "Bratto - Castione della Presolana ITA"]
[Date "2003.08.27"]
[Round "7"]
[White "Vignoli, Matteo"]
[Black "Bonarrigo, Marco"]
[Result "1/2-1/2"]
[WhiteElo "1600"]
[BlackElo "1765"]
[PlyCount "83"]
[EventDate "2003.08.21"]

1. e4 c5 2. Nf3 e6 3. d4 cxd4 4. Nxd4 a6 5. Nc3 Qc7 6. Bd3 Nf6 7. O-O Be7 8.
Kh1 O-O 9. f4 d6 10. Qf3 b5 11. Bd2 Bb7 12. Rae1 Nbd7 13. Qg3 g6 14. f5 e5 15.
Nf3 Nc5 16. Nh4 Nh5 17. Qh3 Bxh4 18. Qxh4 Qd8 19. f6 Ne6 20. Rf3 Nef4 21. Bxf4
exf4 22. Nd5 Bxd5 23. exd5 Qxf6 24. Qxf6 Nxf6 25. Rxf4 Kg7 26. c4 Rab8 27. cxb5
axb5 28. Rb4 Nxd5 29. Rxb5 Nf4 30. Bf1 d5 31. g3 Rxb5 32. Bxb5 Ne6 33. Bc6 Rd8
34. b4 d4 35. b5 Nc5 36. Kg2 d3 37. Rd1 Na4 38. Kf3 Nc3 39. Rd2 Nxa2 40. Ke3
Nb4 41. Be4 Nc2+ 42. Kf2 1/2-1/2

[Event "XI C.to Italiano U20"]
[Site "Bratto - Castione della Presolana ITA"]
[Date "2003.08.27"]
[Round "7"]
[White "Waldner, Mirko"]
[Black "Vocaturo, Daniele"]
[Result "0-1"]
[WhiteElo "2067"]
[BlackElo "2156"]
[PlyCount "86"]
[EventDate "2003.08.21"]

1. d4 d5 2. c4 e6 3. Nc3 Nf6 4. Nf3 Be7 5. Bf4 O-O 6. e3 c6 7. Rc1 Nbd7 8. Be2
a6 9. cxd5 exd5 10. h3 Re8 11. O-O Nf8 12. Bh2 Ng6 13. Bd3 Bd6 14. Na4 Bxh2+
15. Nxh2 Ne4 16. Nc5 f5 17. Re1 Qc7 18. Rc2 Bd7 19. Nf3 Re7 20. Rc1 Rae8 21.
Qb3 Bc8 22. Rc2 Qd6 23. Rce2 Nxc5 24. dxc5 Qxc5 25. Nd4 Rf7 26. Nf3 Ne5 27. Ng5
Nxd3 28. Qxd3 Rfe7 29. Qb3 h6 30. Nf3 Kh8 31. Nh4 Qd6 32. Qd3 Qf6 33. g3 Qg5
34. Kg2 Qh5 35. a3 Re4 36. f3 R4e5 37. e4 fxe4 38. fxe4 g5 39. g4 Bxg4 40. hxg4
Qxg4+ 41. Qg3 Qxg3+ 42. Kxg3 gxh4+ 43. Kf3 Rxe4 0-1

[Event "XI C.to Italiano U20"]
[Site "Bratto - Castione della Presolana ITA"]
[Date "2003.08.27"]
[Round "7"]
[White "Xia, Jie"]
[Black "D'Apa, Matteo"]
[Result "1/2-1/2"]
[WhiteElo "1597"]
[BlackElo "1747"]
[PlyCount "99"]
[EventDate "2003.08.21"]

1. e4 e5 2. Nf3 Nc6 3. d4 exd4 4. Bc4 Nf6 5. O-O d6 6. Nxd4 Nxd4 7. Qxd4 Be7 8.
Nc3 O-O 9. Bg5 c6 10. a4 b6 11. Rad1 Bb7 12. Bxf6 Bxf6 13. Qxd6 Bxc3 14. bxc3
Re8 15. f3 a6 16. Qd7 Qe7 17. Rd6 Kf8 18. Rfd1 b5 19. axb5 cxb5 20. Bb3 Qxd7
21. Rxd7 Re7 22. Kf2 Ke8 23. R7d4 Rc7 24. c4 b4 25. Ke3 a5 26. Ra1 Bc6 27. Ba4
Bxa4 28. Rxa4 Rb7 29. c5 b3 30. cxb3 Rxb3+ 31. Kf4 Rc3 32. Rd5 Rc2 33. Kg3 Ra6
34. Rd6 Rxd6 35. cxd6 Rc5 36. Kf4 Kd7 37. e5 f6 38. exf6 gxf6 39. Rd4 Rb5 40.
Rd2 Rb6 41. Ra2 Rb5 42. g4 Kxd6 43. h4 h6 44. Rd2+ Rd5 45. Rb2 Kc6 46. Rb8 a4
47. Ra8 Kb5 48. Ke4 Rd6 49. f4 Rb6 50. g5 1/2-1/2

[Event "XI C.to Italiano U20"]
[Site "Bratto - Castione della Presolana ITA"]
[Date "2003.08.28"]
[Round "8"]
[White "Bellemo, Davide"]
[Black "Reginato, Mauro"]
[Result "1-0"]
[WhiteElo "1618"]
[BlackElo "1453"]
[PlyCount "107"]
[EventDate "2003.08.21"]

1. c4 Nf6 2. g3 e6 3. Bg2 d5 4. cxd5 exd5 5. Nf3 g6 6. O-O Bg7 7. Nc3 O-O 8. d4
c6 9. Re1 Bg4 10. h3 Bxf3 11. Bxf3 Nbd7 12. Bg2 Re8 13. Rb1 h6 14. b4 Nb6 15.
b5 Re6 16. e3 Bf8 17. e4 dxe4 18. Nxe4 Nxe4 19. Rxe4 Rxe4 20. Bxe4 Rc8 21. Be3
Nd5 22. Qb3 Qd7 23. bxc6 bxc6 24. Bxd5 cxd5 25. Qb7 Rc7 26. Qb8 g5 27. Kg2 Kg7
28. Qb5 Qxb5 29. Rxb5 Rd7 30. Ra5 Kg6 31. Ra6+ f6 32. g4 Bd6 33. Ra5 Bb8 34.
Rb5 Bf4 35. Bxf4 gxf4 36. Kf3 Rc7 37. Rxd5 Rc3+ 38. Kxf4 Ra3 39. f3 Rxa2 40.
Rb5 a5 41. d5 a4 42. d6 Rd2 43. Ra5 Rxd6 44. Rxa4 Rd5 45. h4 h5 46. Re4 Rd3 47.
g5 fxg5+ 48. hxg5 h4 49. Kg4 h3 50. Re6+ Kf7 51. Rh6 Rd1 52. Rxh3 Rd6 53. f4
Rd4 54. Rh6 1-0

[Event "XI C.to Italiano U20"]
[Site "Bratto - Castione della Presolana ITA"]
[Date "2003.08.28"]
[Round "8"]
[White "Berni, Giorgio"]
[Black "Lain, Luigi"]
[Result "1-0"]
[WhiteElo "2219"]
[BlackElo "2261"]
[PlyCount "77"]
[EventDate "2003.08.21"]

1. e4 e5 2. Nf3 Nc6 3. d4 exd4 4. Nxd4 Qh4 5. Nc3 Bb4 6. Be2 Qxe4 7. Ndb5 Bxc3+
8. bxc3 Kd8 9. O-O a6 10. Nd4 Nxd4 11. cxd4 Ne7 12. Re1 Qh4 13. Bf3 d6 14. c4
Rb8 15. Rb1 Qf6 16. Rb3 Nf5 17. Bb2 Re8 18. Bc6 Rxe1+ 19. Qxe1 Qe6 20. Qc1 Ne7
21. d5 Qg6 22. Rg3 Bg4 23. Ba4 Nf5 24. Ra3 Ne7 25. Bc2 Bf5 26. Rg3 Bxc2 27.
Rxg6 Bxg6 28. Bxg7 b5 29. h3 Kd7 30. Bf6 b4 31. Qe3 Ng8 32. Qa7 Re8 33. Bd4 Re4
34. f3 Re1+ 35. Kh2 Rc1 36. Qxa6 Ne7 37. Bf6 Nf5 38. Qc6+ Kc8 39. Qa8+ 1-0